Statistics for Air France Destinations

Click here to take the quiz!

General Stats

  • This quiz has been taken 694 times
    (658 since last reset)
  • The average score is 88 of 194

Answer Stats

HintAnswer% Correct
United KingdomLondon
95%
The NetherlandsAmsterdam
90%
GermanyBerlin
86%
SpainBarcelona
85%
GreeceAthens
84%
ChinaBeijing
83%
BelgiumBrussels
83%
SpainMadrid
80%
DenmarkCopenhagen
78%
ThailandBangkok
77%
IrelandDublin
77%
FranceLyon
77%
EgyptCairo
76%
GermanyFrankfurt
76%
United KingdomManchester
76%
FranceNice
76%
ItalyRome
76%
ArgentinaBuenos Aires
74%
IndiaDelhi
74%
United States of AmericaLos Angeles
74%
FranceMarseille
74%
ItalyMilan
74%
AlgeriaAlgiers
73%
HungaryBudapest
72%
United States of AmericaChicago
72%
South AfricaCape Town
71%
United Arab EmiratesDubai
71%
GermanyMunich
71%
RussiaMoscow
70%
SwitzerlandZurich
70%
JordanAmman
69%
United KingdomBirmingham
69%
Hong KongHong Kong
69%
FranceParis
69%
United KingdomGlasgow
68%
PortugalLisbon
68%
IndiaMumbai
68%
United States of AmericaAtlanta
67%
RomaniaBucharest
67%
SwitzerlandGeneva
67%
JapanTokyo
67%
CanadaToronto
67%
NigeriaAbuja
66%
FranceBordeaux
66%
United States of AmericaBoston
66%
MoroccoCasablanca
66%
MexicoMexico City
66%
TunisiaTunis
66%
ColombiaBogotá
65%
TurkeyIstanbul
65%
NigeriaLagos
65%
ChinaShanghai
65%
LebanonBeirut
64%
United KingdomEdinburgh
64%
GermanyHamburg
64%
CanadaMontréal
64%
SwedenStockholm
64%
South AfricaJohannesburg
62%
BrazilRio de Janeiro
62%
United KingdomAberdeen
61%
FranceToulouse
61%
ItalyVenice
61%
PolandWarsaw
61%
United States of AmericaMiami
60%
Côte d'IvoireAbidjan
59%
MadagascarAntananarivo
59%
VenezuelaCaracas
59%
SenegalDakar
59%
UkraineKiev
59%
ItalyNaples
59%
AustriaVienna
59%
United States of AmericaWashington D.C
59%
BelgiumAntwerp
58%
CubaHavana
58%
United States of AmericaSan Francisco
58%
BrazilSão Paulo
58%
South KoreaSeoul
58%
GermanyDüsseldorf
57%
Czech RepublicPrague
57%
SingaporeSingapore
57%
MexicoCancún
55%
IndonesiaJakarta
55%
PeruLima
55%
CanadaVancouver
55%
MaliBamako
54%
FranceLille
54%
United States of AmericaHouston
52%
MalaysiaKuala Lumpur
51%
IsraelTel Aviv
51%
IndiaBangalore
50%
SpainBilbao
50%
JapanOsaka
50%
ChileSantiago
50%
ItalyTurin
50%
FranceNantes
49%
BulgariaSofia
49%
ItalyFlorence
48%
ChinaGuangzhou
48%
MoroccoRabat
48%
CroatiaZagreb
48%
Dem. Rep. of the CongoKinshasa
47%
PolandKraków
47%
AngolaLuanda
47%
DjiboutiDjibouti
46%
SpainMálaga
46%
Saudi ArabiaRiyadh
46%
MaltaMalta
44%
FranceStrasbourg
44%
Republic of the CongoBrazzaville
43%
United States of AmericaDetroit
43%
SloveniaLjubljana
42%
PanamaPanama City
42%
The NetherlandsRotterdam
41%
FranceBrest
40%
UruguayMontevideo
40%
RussiaSaint Petersburg
40%
GermanyStuttgart
40%
IranTehran
40%
FranceAjaccio
39%
SpainSeville
39%
Central African RepublicBangui
38%
Sierra LeoneFreetown
38%
SwedenGothenburg
38%
GuineaConakry
37%
ItalyGenoa
37%
TogoLomé
37%
United KingdomBristol
36%
FranceRennes
36%
MoroccoMarrakech
35%
FranceMontpellier
35%
United KingdomNewcastle
35%
GermanyBremen
34%
LiberiaMonrovia
34%
Dominican RepublicSanto Domingo
34%
HaitiPort-au-Prince
33%
CameroonYaoundé
33%
Burkina FasoOuagadougou
32%
DenmarkBillund
31%
ArmeniaYerevan
31%
ChadN'Djamena
30%
GabonLibreville
29%
Equatorial GuineaMalabo
29%
BeninCotonou
28%
GermanyHanover
28%
FranceBastia
27%
CameroonDouala
27%
NigerNiamey
26%
FranceBiarritz
25%
TunisiaDjerba
24%
Dominican RepublicPunta Cana
24%
United States of AmericaMinneapolis
23%
MauritiusMauritius
22%
GermanyNuremberg
22%
MauritaniaNouakchott
21%
FranceToulon
21%
French Overseas TerritoryCayenne
20%
ChinaWuhan
20%
French Overseas TerritoryRéunion
19%
FranceCaen
18%
FranceClermont Ferrand
18%
British Crown DependencyJersey
18%
FranceMetz/Nancy
18%
FranceCalvi
16%
French Overseas TerritoryPapeete
15%
NigeriaPort Harcourt
15%
FranceFigari
14%
French Overseas TerritoryFort-de-France
14%
FranceMulhouse
14%
FrancePerpignan
14%
French Overseas TerritoryGuadeloupe
13%
VietnamHo Chi Minh City
13%
FranceLa Rochelle
13%
United States of AmericaNew York City
13%
FranceRouen
13%
British Crown DependencyGuernsey
12%
United KingdomDundee
11%
FrancePau
11%
FranceLourdes
10%
FranceQuimper
8%
ItalyTrieste
8%
SpainVigo
7%
FranceLorient
6%
FranceAgen
5%
Republic of the CongoPointe Noire
5%
FranceBrive
4%
Sint MaartenPhilipsburg
4%
NorwayStavenger
4%
FranceAurillac
3%
FranceLannion
3%
FranceCastres
2%
FranceDeauville
1%
FranceLimages
1%
FranceRodez
1%
FranceTarbes-Lourdes
1%

Score Distribution

Percentile by Number Answered

Percent of People with Each Score

Your Score History

You have not taken this quiz since the last reset